[Event "Kiev Independence Cup-A 7th"]
[Site "Kiev"]
[Date "2007.08.19"]
[Round "7"]
[White "Nazarian, Artur"]
[Black "Ataiev, Azat"]
[Result "1-0"]
[WhiteElo "1975"]
[BlackElo "2264"]
[PlyCount "65"]
[EventDate "2007.08.13"]
[EventType "swiss"]
[EventRounds "11"]
[EventCountry "UKR"]
[SourceTitle "CBM 119 Extra"]
[Source "ChessBase"]
[SourceDate "2007.09.04"]
[SourceVersion "1"]
[SourceVersionDate "2007.09.04"]
[SourceQuality "1"]

1. e4 e6 2. d4 d5 3. Nc3 dxe4 4. Nxe4 Nd7 5. Nf3 Ngf6 6. Nxf6+ Nxf6 7. g3 c5 8. Bg2 cxd4 9. Qxd4 Qc7 10. Bf4 Qxc2 11. Rc1 Qe4+ 12. Qxe4 Nxe4 13. 0-0 Bd6 14. Ne5 f5 15. Rfd1 g5 16. Bxe4 fxe4 17. Rxd6 gxf4 18. Rc7 0-0 19. g4 f3 20. g5 e3 21. Kf1 b6 22. Ng4 Ba6+ 23. Ke1 exf2+ 24. Kxf2 Rac8 25. Nf6+ Rxf6 26. Rxc8+ Bxc8 27. gxf6 Kf7 28. Rd8 Ba6 29. Rd7+ Kxf6 30. Rxh7 Be2 31. Rxa7 b5 32. Ra3 e5 33. Rxf3+ 1-0